[Event "AUT-chT2M 2324"]
[Site "Austria"]
[Date "2023.11.05"]
[Round "3.5"]
[White "Kaspret, Guido"]
[Black "Nareks, Matic"]
[Result "1-0"]
[WhiteElo "2310"]
[BlackElo "2307"]
[PlyCount "85"]
[EventDate "2023.11.03"]
[EventType "team-tourn"]
[EventRounds "11"]
[EventCountry "AUT"]
[SourceTitle "CB46_2023"]
[SourceDate "2023.11.15"]
[SourceVersion "1"]
[SourceVersionDate "2023.11.15"]
[SourceQuality "1"]
[WhiteTeam "St Veit/Glan"]
[BlackTeam "Gamlitz"]
[WhiteTeamCountry "AUT"]
[BlackTeamCountry "AUT"]

1. c4 f5 2. Nf3 Nf6 3. g3 d6 4. Bg2 e5 5. 0-0 Be7 6. Nc3 0-0 7. d3 c6 8. e4 fxe4 9. dxe4 Na6 10. h3 Qe8 11. Nh4 Be6 12. b3 Qd7 13. Kh2 Rf7 14. Nf3 h6 15. Ba3 b6 16. Nd5 Bf8 17. Nxf6+ Rxf6 18. Nh4 Qf7 19. Nf5 Rd8 20. Qe2 g6 21. Ne3 h5 22. Rad1 Qc7 23. Bc1 Nc5 24. b4 Nb7 25. b5 Rc8 26. bxc6 Qxc6 27. Nd5 Rf7 28. Bg5 Qxc4 29. Qb2 Qc2 30. Qa3 Nc5 31. Rd2 Qc4 32. Rc1 Qa4 33. Qe3 Na6 34. Rxc8 Bxc8 35. Bh6 Qe8 36. Qg5 Qe6 37. Bxf8 Kxf8 38. f4 Bb7 39. Qh6+ Ke8 40. f5 Qc8 41. fxg6 Bxd5 42. gxf7+ Bxf7 43. Qh8+ 1-0

[Event "EU-ch U18 rapid"]
[Site "Terme Catez"]
[Date "2023.09.28"]
[Round "6"]
[White "Bradac, Simon"]
[Black "Nareks, Matic"]
[Result "1/2-1/2"]
[WhiteElo "1716"]
[BlackElo "2168"]
[PlyCount "101"]
[EventDate "2023.09.28"]
[EventType "swiss (rapid)"]
[EventRounds "9"]
[EventCountry "SLO"]
[SourceTitle "EXT 2024"]
[Source "ChessBase"]
[SourceDate "2023.10.10"]
[SourceVersion "1"]
[SourceVersionDate "2023.10.10"]
[SourceQuality "1"]

1. c4 d6 2. Nc3 g6 3. Nf3 Bg7 4. e4 e5 5. d3 Nc6 6. g3 Nh6 7. Nd5 f6 8. b4 Nf7 9. b5 Ne7 10. Bg2 0-0 11. 0-0 Be6 12. Nd2 c6 13. Nxe7+ Qxe7 14. bxc6 bxc6 15. Ba3 Qd7 16. Re1 Rfd8 17. Qa4 d5 18. cxd5 cxd5 19. Qxd7 Rxd7 20. Nb3 d4 21. Nc5 Rd6 22. Nxe6 Rxe6 23. Rab1 Rb6 24. Bc5 Rc6 25. Rec1 Rac8 26. Ba3 Rxc1+ 27. Rxc1 Rxc1+ 28. Bxc1 Bh6 29. Ba3 Bf8 30. Bc1 Bb4 31. Bh3 Nd8 32. Bc8 Kg7 33. f4 Nf7 34. Kf2 Nd6 35. Bd7 Nb7 36. fxe5 fxe5 37. Kf3 Kf6 38. h4 Be1 39. Bg5+ Kg7 40. Be7 Kf7 41. Ba3 Nd8 42. Bc5 a5 43. Bb6 Ke7 44. Bb5 Nf7 45. Bc5+ Kf6 46. Bc4 Kg7 47. Be7 Bb4 48. Bg5 Nxg5+ 49. hxg5 Bd2 50. Kg4 Bc1 51. Bb5 1/2-1/2

[Event "EU-ch U18 rapid"]
[Site "Terme Catez"]
[Date "2023.09.28"]
[Round "5"]
[White "Nareks, Matic"]
[Black "Baziuk, Vladyslav"]
[Result "1/2-1/2"]
[WhiteElo "2168"]
[BlackElo "1990"]
[PlyCount "123"]
[EventDate "2023.09.28"]
[EventType "swiss (rapid)"]
[EventRounds "9"]
[EventCountry "SLO"]
[SourceTitle "EXT 2024"]
[Source "ChessBase"]
[SourceDate "2023.10.10"]
[SourceVersion "1"]
[SourceVersionDate "2023.10.10"]
[SourceQuality "1"]

1. e4 c6 2. Nf3 d5 3. Nc3 dxe4 4. Nxe4 Nf6 5. Qe2 Nxe4 6. Qxe4 Nd7 7. Bc4 Nf6 8. Ne5 e6 9. Qe3 b5 10. Be2 Bb7 11. f4 Bd6 12. 0-0 0-0 13. Kh1 Qc7 14. Qg3 Nd5 15. d4 a6 16. b3 Nb4 17. c3 Nd5 18. c4 bxc4 19. bxc4 Nb4 20. Bb2 f6 21. Nd3 Nxd3 22. Bxd3 c5 23. Qh3 f5 24. d5 Bxf4 25. dxe6 g6 26. Rae1 Rae8 27. Bc2 Bg5 28. Be5 Qc6 29. Qg3 Bh4 30. Ba4 Bxg3 31. Bxc6 Bxe1 32. Bxb7 Bh4 33. Bd5 h5 34. Rb1 Kh7 35. Bd6 Rg8 36. Bxc5 Rb8 37. Rd1 Rge8 38. Bd6 Rb2 39. c5 Rc2 40. g3 Be7 41. Bc6 Bxd6 42. cxd6 Rxc6 43. e7 Rxd6 44. Rd3 Rd5 45. Rxd5 Rxe7 46. Rd6 Re2 47. Rxa6 Rc2 48. h4 Kh6 49. Kg1 Rb2 50. Kf1 Kg7 51. a4 f4 52. gxf4 Rh2 53. f5 gxf5 54. Kg1 Rxh4 55. Kg2 Rb4 56. Kf3 h4 57. Ra8 Rb3+ 58. Kf4 Ra3 59. Kg5 h3 60. Ra7+ Kg8 61. Ra8+ Kf7 62. Kxf5 1/2-1/2

[Event "Titled Tuesday intern op 01st Aug Early"]
[Site "Chess.com INT"]
[Date "2023.08.01"]
[Round "9"]
[White "Nareks, Matic"]
[Black "Novoselov, Roman"]
[Result "1/2-1/2"]
[WhiteElo "2259"]
[BlackElo "2279"]
[PlyCount "152"]
[EventDate "2023.08.01"]
[EventType "swiss (blitz)"]
[EventRounds "11"]
[EventCountry "USA"]
[SourceTitle "EXT 2024"]
[Source "ChessBase"]
[SourceDate "2023.10.10"]
[SourceVersion "1"]
[SourceVersionDate "2023.10.10"]
[SourceQuality "1"]

1. e4 d5 2. exd5 Qxd5 3. Nc3 Qd6 4. g3 Nf6 5. Bg2 c6 6. h3 Bf5 7. d3 e6 8. Nge2 Be7 9. 0-0 0-0 10. Bf4 Qd8 11. Qd2 Nbd7 12. Rad1 Rc8 13. Qc1 Nd5 14. Bd2 Ne5 15. f4 Nd7 16. Kh1 h6 17. g4 Bh7 18. Ng3 Nxc3 19. Bxc3 Bf6 20. Bb4 Re8 21. Nh5 c5 22. Nxf6+ Nxf6 23. Bd2 b6 24. Rde1 c4 25. dxc4 Rxc4 26. c3 Be4 27. Qd1 Qa8 28. Qe2 Bxg2+ 29. Qxg2 Qxg2+ 30. Kxg2 Rd8 31. Bc1 Rc7 32. Rd1 Rcd7 33. Rxd7 Rxd7 34. Kf2 b5 35. Ke2 Nd5 36. Rd1 a6 37. Rd4 Rc7 38. Bd2 Kf8 39. a4 Ke7 40. Kd3 Rb7 41. b3 Nb6 42. axb5 axb5 43. c4 bxc4+ 44. bxc4 Na4 45. h4 f6 46. h5 e5 47. fxe5 fxe5 48. Rd5 Ke6 49. Ra5 Nb2+ 50. Kc3 Nd1+ 51. Kc2 Nf2 52. Ra6+ Kf7 53. Rg6 Rc7 54. Be3 Ne4 55. Kd3 Nf6 56. g5 hxg5 57. Rxg5 Ke6 58. Rg6 Kf5 59. Rg5+ Ke6 60. h6 Rd7+ 61. Kc3 Ne4+ 62. Kc2 Nxg5 63. Bxg5 gxh6 64. Bxh6 Kf5 65. Be3 Ke4 66. Bb6 Rh7 67. c5 Kd5 68. Kd3 Rh3+ 69. Ke2 e4 70. Ba7 Rc3 71. Bb6 Kc4 72. Ba7 Kd5 73. Bb6 Rb3 74. Ba7 Rb2+ 75. Ke3 Rb3+ 76. Ke2 Rc3 1/2-1/2

[Event "Titled Tuesday intern op 01st Aug Early"]
[Site "Chess.com INT"]
[Date "2023.08.01"]
[Round "1"]
[White "Zhenetl, Roman"]
[Black "Nareks, Matic"]
[Result "1-0"]
[WhiteElo "2435"]
[BlackElo "2259"]
[PlyCount "123"]
[EventDate "2023.08.01"]
[EventType "swiss (blitz)"]
[EventRounds "11"]
[EventCountry "USA"]
[SourceTitle "EXT 2024"]
[Source "ChessBase"]
[SourceDate "2023.10.10"]
[SourceVersion "1"]
[SourceVersionDate "2023.10.10"]
[SourceQuality "1"]

1. Nf3 f5 2. d4 Nf6 3. Bg5 e6 4. Nbd2 Be7 5. Bxf6 Bxf6 6. e4 fxe4 7. Nxe4 0-0 8. Bd3 Nc6 9. c3 d5 10. Nxf6+ Qxf6 11. Qe2 Re8 12. Bb5 Bd7 13. Bxc6 Bxc6 14. Ne5 a6 15. 0-0-0 Bb5 16. Qe3 Rf8 17. f3 b6 18. Rhe1 Rae8 19. g3 a5 20. h4 Re7 21. a3 Rc8 22. Qg5 c5 23. f4 h6 24. Qg6 Be8 25. Qg4 Ba4 26. Rd2 b5 27. dxc5 Rxc5 28. Rd4 Bb3 29. Kd2 Bc4 30. Qg6 Rcc7 31. h5 Rb7 32. Re3 b4 33. cxb4 axb4 34. a4 b3 35. Qxf6 gxf6 36. Nxc4 dxc4 37. Rxc4 Kf7 38. Rcc3 Ra7 39. Rxb3 Rxa4 40. Ra3 Rb4 41. Kc3 Rb5 42. b4 Rxh5 43. Ra5 Rh1 44. Kb2 Rb7 45. b5 Rh5 46. Rb3 Rc5 47. Ka3 Rc4 48. b6 Kg6 49. Ra7 Rb8 50. b7 Rc7 51. Ka4 Kf5 52. Ka5 Kg4 53. Ka6 Rc6+ 54. Rb6 Rc1 55. Rxe6 Ra1+ 56. Kb6 Rxa7 57. Kxa7 Rxb7+ 58. Kxb7 Kxg3 59. Rxf6 h5 60. f5 Kg4 61. Rh6 Kg5 62. Rh8 1-0

[Event "SLO-chT 32nd"]
[Site "Ljubljana"]
[Date "2022.09.02"]
[Round "1.4"]
[White "Gjuran, Denis"]
[Black "Nareks, Matic"]
[Result "1-0"]
[WhiteElo "2300"]
[BlackElo "2215"]
[PlyCount "33"]
[EventDate "2022.09.02"]
[EventType "team-tourn"]
[EventRounds "9"]
[EventCountry "SLO"]
[SourceTitle "EXT 2023"]
[Source "ChessBase"]
[SourceDate "2022.10.05"]
[SourceVersion "1"]
[SourceVersionDate "2022.10.05"]
[SourceQuality "1"]
[WhiteTeam "Murska Sobota Pomgrad"]
[BlackTeam "Celje"]
[WhiteTeamCountry "SLO"]
[BlackTeamCountry "SVK"]

1. e4 c5 2. c3 d5 3. exd5 Qxd5 4. d4 g6 5. Nf3 Bg7 6. Nbd2 cxd4 7. Bc4 Qd8 8. Nxd4 Nf6 9. 0-0 0-0 10. N2f3 Nbd7 11. Qe2 Ng4 12. Ne6 Qa5 13. Nxf8 Nxf8 14. Qxe7 Ne6 15. Qe8+ Bf8 16. Bxe6 fxe6 17. Bg5 1-0

[Event "EU-chT U18"]
[Site "Thessaloniki"]
[Date "2022.07.14"]
[Round "3.6"]
[White "Nareks, Matic"]
[Black "Borrmann, Laurenz"]
[Result "0-1"]
[WhiteElo "2221"]
[BlackElo "2274"]
[PlyCount "80"]
[EventDate "2022.07.12"]
[EventType "team-swiss"]
[EventRounds "7"]
[EventCountry "GRE"]
[SourceTitle "CBM 209 Extra"]
[Source "ChessBase"]
[SourceDate "2022.09.30"]
[SourceVersion "1"]
[SourceVersionDate "2022.09.30"]
[SourceQuality "1"]
[WhiteTeam "Slovenia U18"]
[BlackTeam "Austria U18"]
[WhiteTeamCountry "SLO"]
[BlackTeamCountry "AUT"]

1. e4 c6 2. Nf3 d5 3. Nc3 dxe4 4. Nxe4 Nf6 5. Qe2 Nxe4 6. Qxe4 Nd7 7. d4 Nf6 8. Qd3 g6 9. Bf4 Bf5 10. Qd2 Qb6 11. 0-0-0 Nd5 12. Bc4 h5 13. Bg5 0-0-0 14. Rhe1 f6 15. Be3 g5 16. Bd3 Bd7 17. c4 Nxe3 18. fxe3 Qc7 19. Qf2 Bh6 20. g3 Rhf8 21. Kb1 Kb8 22. Nd2 f5 23. Qe2 g4 24. Nb3 e5 25. c5 f4 26. gxf4 exf4 27. exf4 Bxf4 28. Rh1 h4 29. d5 cxd5 30. c6 Qxc6 31. Nd4 Qf6 32. Bb5 Bc8 33. Rhf1 Qe5 34. Qf2 g3 35. hxg3 hxg3 36. Qc2 Be3 37. Nf3 Qh5 38. Qg2 Qh3 39. Qe2 d4 40. Rh1 Qf5+ 0-1

[Event "Novi Sad Serbia op-A"]
[Site "Novi Sad"]
[Date "2022.06.29"]
[Round "2"]
[White "Boskovic, Drasko"]
[Black "Nareks, Matic"]
[Result "0-1"]
[WhiteElo "2436"]
[BlackElo "2221"]
[PlyCount "86"]
[EventDate "2022.06.28"]
[EventType "swiss"]
[EventRounds "9"]
[EventCountry "SRB"]
[SourceTitle "EXT 2023"]
[Source "ChessBase"]
[SourceDate "2022.10.05"]
[SourceVersion "1"]
[SourceVersionDate "2022.10.05"]
[SourceQuality "1"]

1. d4 f5 2. Nf3 Nf6 3. Bf4 d6 4. e3 g6 5. c4 Bg7 6. Nc3 0-0 7. c5 h6 8. Bc4+ Kh7 9. h4 Nh5 10. Qe2 c6 11. 0-0-0 d5 12. Bd3 Qe8 13. Rdg1 Be6 14. g4 fxg4 15. Ne5 Bxe5 16. Bxe5 Nd7 17. Rxg4 Bxg4 18. Qxg4 Nhf6 19. Qg2 h5 20. Bf4 e5 21. dxe5 Ng4 22. f3 Ngxe5 23. Bc2 Qe7 24. Rg1 Rg8 25. Ne2 Qf6 26. Nd4 Nf7 27. Qh3 Nf8 28. Rg5 Kh8 29. Qg3 Re8 30. Nf5 Ne6 31. Nd6 Nexg5 32. hxg5 Qe7 33. e4 dxe4 34. Bxe4 Nxd6 35. cxd6 Qe6 36. Bd2 Rgf8 37. Kc2 Kh7 38. Qh2 Qc4+ 39. Bc3 Rxe4 40. fxe4 Qxe4+ 41. Kb3 Rf4 42. a3 Qd5+ 43. Kc2 Qf5+ 0-1

[Event "Wch U16 blitz"]
[Site "Rhodes"]
[Date "2022.05.03"]
[Round "2"]
[White "Nareks, Matic"]
[Black "Franc, Borna"]
[Result "1-0"]
[WhiteElo "2147"]
[BlackElo "1901"]
[PlyCount "103"]
[EventDate "2022.05.03"]
[EventType "swiss (blitz)"]
[EventRounds "9"]
[EventCountry "GRE"]
[SourceTitle "CBM 208 Extra"]
[Source "ChessBase"]
[SourceDate "2022.07.31"]
[SourceVersion "1"]
[SourceVersionDate "2022.07.31"]
[SourceQuality "1"]

1. e4 e5 2. Nf3 Nc6 3. Bc4 Bc5 4. c3 Nf6 5. d4 exd4 6. e5 d5 7. Bb5 Ne4 8. cxd4 Bb6 9. Nc3 Bg4 10. Be3 0-0 11. Qc2 Bf5 12. Qb3 Ne7 13. 0-0 c6 14. Be2 Ng6 15. Rac1 h6 16. Rfd1 Nh4 17. Nd2 Nxc3 18. Qxc3 Qd7 19. Nb3 Qe6 20. Bf4 Ng6 21. Bg3 Bg4 22. f3 Bf5 23. Nc5 Bxc5 24. Qxc5 h5 25. h4 Ne7 26. Bf1 Bh7 27. b4 Nf5 28. Bf2 Qh6 29. b5 Rfc8 30. bxc6 Rxc6 31. Qa3 Rxc1 32. Qxc1 Qc6 33. Qxc6 bxc6 34. Rc1 Ne7 35. Be3 Nf5 36. Kf2 Rb8 37. Rxc6 Nxh4 38. Rc3 Bg6 39. Rb3 Rc8 40. Rb2 Rc3 41. Bd2 Rc7 42. Bb4 Nf5 43. Bc5 h4 44. Rb8+ Kh7 45. Ba6 f6 46. exf6 gxf6 47. Rb7 Rxb7 48. Bxb7 Bf7 49. Bxa7 Be6 50. Bc5 Kg6 51. a4 h3 52. gxh3 1-0

[Event "Wch U16 blitz"]
[Site "Rhodes"]
[Date "2022.05.03"]
[Round "3"]
[White "Rakhmatullaev, Almas"]
[Black "Nareks, Matic"]
[Result "0-1"]
[WhiteElo "1956"]
[BlackElo "2147"]
[PlyCount "136"]
[EventDate "2022.05.03"]
[EventType "swiss (blitz)"]
[EventRounds "9"]
[EventCountry "GRE"]
[SourceTitle "CBM 208 Extra"]
[Source "ChessBase"]
[SourceDate "2022.07.31"]
[SourceVersion "1"]
[SourceVersionDate "2022.07.31"]
[SourceQuality "1"]

1. e4 c5 2. c3 d5 3. exd5 Qxd5 4. d4 g6 5. Nf3 Bg7 6. dxc5 Qxc5 7. Be3 Qc7 8. Na3 a6 9. Nc4 Nd7 10. Qd2 b5 11. Bf4 Qb7 12. Na5 Qb6 13. Qd5 Ngf6 14. Qxa8 0-0 15. Qc6 Qxa5 16. Be2 e5 17. Be3 e4 18. Nd4 Ne5 19. Qc5 Nfd7 20. Qb4 Qxb4 21. cxb4 Nd3+ 22. Bxd3 exd3 23. 0-0-0 Ne5 24. Bf4 Bb7 25. Bxe5 Bxe5 26. Nf3 Bf4+ 27. Kb1 Rc8 28. Nd4 Bxg2 29. Rhg1 Be4 30. f3 Bd5 31. Rxd3 Bc4 32. Rc3 Rd8 33. Nc2 Bxh2 34. Rh1 Be5 35. Ra3 Rd6 36. Ne3 Be6 37. Rd1 Rc6 38. Rc1 Rb6 39. Rc5 Bd6 40. Rc2 Bxb4 41. Rd3 Kg7 42. Rc7 Bd6 43. Ra7 Be5 44. a3 h5 45. Kc2 Rc6+ 46. Kd2 Bxb2 47. f4 Bf6 48. Ke2 h4 49. Kf3 h3 50. Kg3 Bc3 51. f5 gxf5 52. Kf4 Ba5 53. Nf1 Bc7+ 54. Kg5 Bb6 55. Rb7 Bc5 56. Rxh3 f4 57. Rd3 Bc4 58. Rdd7 Rg6+ 59. Kxf4 Rf6+ 60. Ke5 Rxf1 61. Rdc7 Bxa3 62. Ra7 Rf6 63. Rc8 Re6+ 64. Kf5 Rf6+ 65. Ke5 Rg6 66. Raa8 Bb2+ 67. Kf5 Be6+ 68. Kf4 Bxc8 0-1

[Event "Wch U16 blitz"]
[Site "Rhodes"]
[Date "2022.05.03"]
[Round "1"]
[White "Tarhan, Adar"]
[Black "Nareks, Matic"]
[Result "0-1"]
[WhiteElo "1802"]
[BlackElo "2147"]
[PlyCount "62"]
[EventDate "2022.05.03"]
[EventType "swiss (blitz)"]
[EventRounds "9"]
[EventCountry "GRE"]
[SourceTitle "CBM 208 Extra"]
[Source "ChessBase"]
[SourceDate "2022.07.31"]
[SourceVersion "1"]
[SourceVersionDate "2022.07.31"]
[SourceQuality "1"]

1. d4 d5 2. Nf3 Nf6 3. c4 dxc4 4. Nc3 a6 5. a4 c5 6. e3 cxd4 7. exd4 Be6 8. Ng5 Bg4 9. f3 Bf5 10. Bxc4 e6 11. 0-0 Be7 12. Nge4 0-0 13. Be3 Nc6 14. Qd2 Rc8 15. Ba2 Qa5 16. Rfd1 Rfd8 17. Qf2 Nb4 18. Bb3 Nfd5 19. Rac1 Nxe3 20. Qxe3 Qb6 21. Ne2 Nd5 22. Bxd5 Rxc1 23. Rxc1 Rxd5 24. Rc8+ Rd8 25. Qc3 e5 26. Rxd8+ Bxd8 27. Nc5 exd4 28. Qxd4 Bf6 29. Qd5 Be6 30. a5 Qxa5 31. Qd6 Qe1# 0-1

[Event "Wch U16 blitz"]
[Site "Rhodes"]
[Date "2022.05.03"]
[Round "9"]
[White "Tobak, Mikhail"]
[Black "Nareks, Matic"]
[Result "1-0"]
[WhiteElo "2068"]
[BlackElo "2147"]
[PlyCount "138"]
[EventDate "2022.05.03"]
[EventType "swiss (blitz)"]
[EventRounds "9"]
[EventCountry "GRE"]
[SourceTitle "CBM 208 Extra"]
[Source "ChessBase"]
[SourceDate "2022.07.31"]
[SourceVersion "1"]
[SourceVersionDate "2022.07.31"]
[SourceQuality "1"]

1. e4 c5 2. Nf3 g6 3. c3 d5 4. exd5 Qxd5 5. d4 Bg7 6. Be3 cxd4 7. Bxd4 Nf6 8. Nbd2 Nc6 9. Bc4 Qa5 10. Be3 0-0 11. 0-0 Bf5 12. Nb3 Qc7 13. Qe2 Rac8 14. Bd3 Bg4 15. h3 Bh5 16. Kh1 Ne5 17. Bf4 Bxf3 18. Qxe5 Qxe5 19. Bxe5 Bd5 20. Nd4 Rfd8 21. Rfe1 e6 22. Kg1 a6 23. a4 Nd7 24. Bxg7 Kxg7 25. Be4 Nf6 26. Bxd5 Nxd5 27. Rad1 Kf6 28. Nf3 Nb6 29. Rxd8 Rxd8 30. Re4 Nd5 31. Kf1 Ke7 32. g3 h6 33. Ke2 Rd7 34. h4 Rc7 35. Ne5 f5 36. Rd4 g5 37. hxg5 hxg5 38. Rd1 Kf6 39. Nf3 Nb6 40. Rd4 Nc4 41. b3 Nb6 42. c4 Nd7 43. Rd6 Ke7 44. Rd1 g4 45. Nd4 Nc5 46. Rh1 Rd7 47. Ke3 Kd6 48. a5 Ke5 49. Rd1 Nxb3 50. Nf3+ gxf3 51. Rxd7 Nxa5 52. Kxf3 Nxc4 53. Rxb7 a5 54. Ra7 Nd2+ 55. Ke2 Nc4 56. Kd3 Kd5 57. Rd7+ Nd6 58. Ra7 Nc4 59. f4 e5 60. Rd7+ Nd6 61. Ra7 Nc4 62. Rf7 Nd6 63. Ra7 Nc4 64. fxe5 Nxe5+ 65. Ke3 Nc6 66. Rf7 Ke6 67. Rc7 Ne5 68. Kf4 Kf6 69. Ra7 Nc4 1-0

[Event "Wch U16 rapid"]
[Site "Rhodes"]
[Date "2022.05.01"]
[Round "9"]
[White "Nareks, Matic"]
[Black "Rakhmatullaev, Almas"]
[Result "1-0"]
[WhiteElo "1972"]
[BlackElo "2050"]
[PlyCount "75"]
[EventDate "2022.05.01"]
[EventType "swiss (rapid)"]
[EventRounds "9"]
[EventCountry "GRE"]
[SourceTitle "CBM 208 Extra"]
[Source "ChessBase"]
[SourceDate "2022.07.31"]
[SourceVersion "1"]
[SourceVersionDate "2022.07.31"]
[SourceQuality "1"]

1. e4 e5 2. Nf3 Nc6 3. Bc4 Nf6 4. d4 exd4 5. e5 d5 6. Bb5 Ne4 7. Nxd4 Bd7 8. Bxc6 bxc6 9. 0-0 c5 10. Nb3 c6 11. f3 Ng5 12. f4 Ne4 13. c4 Qb6 14. Be3 d4 15. N1d2 Bf5 16. Nxe4 Bxe4 17. Bd2 a5 18. Qe2 Bf5 19. g4 Bc8 20. Bc1 h5 21. f5 hxg4 22. e6 a4 23. Nd2 a3 24. bxa3 Bd6 25. exf7+ Kxf7 26. Qxg4 Bxh2+ 27. Kg2 Be5 28. Qg6+ Kf8 29. Nf3 Qc7 30. Re1 Bd7 31. Nxe5 Be8 32. Qg3 Qa5 33. Ng6+ Bxg6 34. fxg6 Kg8 35. Qf3 Rf8 36. Re8 Rh2+ 37. Kxh2 Qc7+ 38. Bf4 1-0

[Event "Titled Tuesday intern op 19th Apr Early"]
[Site "Chess.com INT"]
[Date "2022.04.19"]
[Round "5"]
[White "Kornyukov, Alexey"]
[Black "Nareks, Matic"]
[Result "0-1"]
[WhiteElo "2452"]
[BlackElo "2180"]
[PlyCount "60"]
[EventDate "2022.04.19"]
[EventType "swiss (blitz)"]
[EventRounds "11"]
[EventCountry "USA"]
[SourceTitle "EXT 2023"]
[Source "ChessBase"]
[SourceDate "2022.10.05"]
[SourceVersion "1"]
[SourceVersionDate "2022.10.05"]
[SourceQuality "1"]

1. d4 d5 2. c4 dxc4 3. e4 b5 4. a4 c6 5. axb5 cxb5 6. b3 e5 7. Nf3 exd4 8. bxc4 Bb7 9. cxb5 Nf6 10. e5 Ne4 11. Qb3 Bc5 12. Bc4 0-0 13. 0-0 Nd7 14. Bd5 Qc7 15. Bf4 Nb6 16. Bxb7 Qxb7 17. Nbd2 Nc3 18. Rfe1 Nbd5 19. Bg3 Qxb5 20. Qxb5 Nxb5 21. Nb3 Bb6 22. Rad1 Ndc3 23. Rd3 Rfd8 24. e6 fxe6 25. Rxe6 Re8 26. Rxe8+ Rxe8 27. Kf1 a5 28. Nbxd4 Rd8 29. Be5 a4 30. Ng5 Bxd4 0-1

[Event "Titled Tuesday intern op 19th Apr Early"]
[Site "Chess.com INT"]
[Date "2022.04.19"]
[Round "2"]
[White "Polster, Christian"]
[Black "Nareks, Matic"]
[Result "0-1"]
[WhiteElo "2236"]
[BlackElo "2180"]
[PlyCount "66"]
[EventDate "2022.04.19"]
[EventType "swiss (blitz)"]
[EventRounds "11"]
[EventCountry "USA"]
[SourceTitle "EXT 2023"]
[Source "ChessBase"]
[SourceDate "2022.10.05"]
[SourceVersion "1"]
[SourceVersionDate "2022.10.05"]
[SourceQuality "1"]

1. e4 d5 2. exd5 Qxd5 3. Nc3 Qa5 4. Bc4 Nf6 5. d4 Bg4 6. f3 Bf5 7. g4 Bg6 8. f4 e6 9. Nf3 Nc6 10. Ne5 Nxe5 11. dxe5 Ne4 12. Bd2 Qc5 13. Qe2 Nxd2 14. Kxd2 0-0-0+ 15. Bd3 Qd4 16. Qe3 Bc5 17. Qxd4 Rxd4 18. Rhf1 Rhd8 19. f5 exf5 20. gxf5 Bh5 21. Rae1 Rh4 22. Ne4 Bd4 23. Ng3 Rxh2+ 24. Kc1 Bg4 25. e6 fxe6 26. fxe6 Bf2 27. e7 Re8 28. Nf5 Bxe1 29. Rxe1 Kd7 30. Re5 c6 31. c4 g6 32. Ne3 Be6 33. c5 Rxe7 0-1

[Event "EU-ch 22nd"]
[Site "Terme Catez"]
[Date "2022.04.03"]
[Round "8"]
[White "Nareks, Matic"]
[Black "Unuk, Laura"]
[Result "1/2-1/2"]
[WhiteElo "2202"]
[BlackElo "2346"]
[PlyCount "118"]
[EventDate "2022.03.27"]
[EventType "swiss"]
[EventRounds "11"]
[EventCountry "SLO"]
[SourceTitle "CBM 208"]
[Source "ChessBase"]
[SourceDate "2022.06.30"]
[SourceVersion "1"]
[SourceVersionDate "2022.06.30"]
[SourceQuality "1"]

1. e4 c6 2. d4 d5 3. e5 c5 4. dxc5 e6 5. a3 Bxc5 6. Qg4 Ne7 7. Nf3 0-0 8. b4 Bb6 9. Bb2 Nd7 10. Bd3 f5 11. Qh5 Qe8 12. Qxe8 Rxe8 13. c4 Ng6 14. 0-0 Nf4 15. Rd1 Nxd3 16. Rxd3 dxc4 17. Rc3 g5 18. Rxc4 g4 19. Nfd2 Bd8 20. Nb3 b5 21. Rc1 Bb7 22. Bd4 Bd5 23. Nc5 Nxc5 24. Bxc5 Bg5 25. Rd1 Bf4 26. Bd6 Rac8 27. g3 Bf3 28. Re1 Bh6 29. a4 a6 30. axb5 axb5 31. Ra2 Rc6 32. Ra5 Rec8 33. Bc5 Bf8 34. Rxb5 Bxc5 35. bxc5 Rxc5 36. Rxc5 Rxc5 37. Nd2 Bd5 38. Kf1 Kf7 39. Ke2 Bb7 40. f4 Ba6+ 41. Ke3 Rc3+ 42. Kf2 Rd3 43. Nf1 Rf3+ 44. Kg1 h5 45. Ne3 h4 46. Ng2 hxg3 47. hxg3 Rxg3 48. Re3 Rxe3 49. Nxe3 Ke7 50. Kf2 Bb7 51. Nc4 Bd5 52. Nd6 Kd7 53. Kg3 Kc6 54. Nf7 Kc5 55. Nd6 Bc6 56. Nf7 Kd4 57. Nd6 Ke3 58. Nf7 Be8 59. Nd6 Bc6 1/2-1/2

[Event "Solta op 4th"]
[Site "Grohote"]
[Date "2021.08.12"]
[Round "6"]
[White "Vojak, Daniel"]
[Black "Nareks, Matic"]
[Result "1/2-1/2"]
[WhiteElo "2257"]
[BlackElo "2111"]
[PlyCount "84"]
[EventDate "2021.08.08"]
[EventType "swiss"]
[EventRounds "9"]
[EventCountry "CRO"]
[SourceTitle "CBM 203 Extra"]
[Source "ChessBase"]
[SourceDate "2021.09.30"]
[SourceVersion "1"]
[SourceVersionDate "2021.09.30"]
[SourceQuality "1"]

1. d4 g6 2. e4 Bg7 3. Nf3 d6 4. Be2 Nf6 5. Nc3 c6 6. a4 0-0 7. 0-0 Qc7 8. a5 e5 9. Re1 Re8 10. d5 cxd5 11. exd5 h6 12. Be3 Bd7 13. Nd2 Nh7 14. Nc4 f5 15. Qd2 Na6 16. Bxh6 Bf6 17. Na3 Rec8 18. Nab5 Bxb5 19. Nxb5 Qe7 20. Be3 Nc5 21. f3 a6 22. Na3 Bh4 23. g3 Bg5 24. Nc4 Nd7 25. b4 Rf8 26. f4 Bf6 27. fxe5 Nxe5 28. Nxe5 Qxe5 29. Rad1 Rfe8 30. Bf4 Qb2 31. c4 Qxd2 32. Bxd2 Ng5 33. Bxg5 Bxg5 34. Bd3 Kf7 35. c5 dxc5 36. bxc5 Be3+ 37. Kg2 Bxc5 38. Bc4 Bd6 39. Re6 Rxe6 40. dxe6+ Ke7 41. Rd4 g5 42. h4 g4 1/2-1/2

[Event "Solta op 4th"]
[Site "Grohote"]
[Date "2021.08.10"]
[Round "4"]
[White "Cupic, Lovro"]
[Black "Nareks, Matic"]
[Result "1/2-1/2"]
[WhiteElo "2271"]
[BlackElo "2111"]
[PlyCount "75"]
[EventDate "2021.08.08"]
[EventType "swiss"]
[EventRounds "9"]
[EventCountry "CRO"]
[SourceTitle "CBM 203 Extra"]
[Source "ChessBase"]
[SourceDate "2021.09.30"]
[SourceVersion "1"]
[SourceVersionDate "2021.09.30"]
[SourceQuality "1"]

1. e4 g6 2. d4 Bg7 3. Nc3 d6 4. f4 Nf6 5. Nf3 0-0 6. Bd3 Nc6 7. d5 Nb4 8. Be2 c6 9. dxc6 Qb6 10. a3 Nxc6 11. Qd3 d5 12. exd5 Ng4 13. Rf1 Bf5 14. Qb5 Nd4 15. Nxd4 Qxd4 16. Qb4 Nxh2 17. Rh1 Ng4 18. Qxd4 Bxd4 19. Nd1 Rad8 20. c3 Bb6 21. Bxg4 Bxg4 22. Be3 Rxd5 23. Bxb6 Bxd1 24. Bxa7 Bg4 25. Be3 e5 26. fxe5 Rxe5 27. Kf2 Rfe8 28. Rae1 h5 29. Rhf1 R8e6 30. b4 b5 31. Bd4 Rxe1 32. Rxe1 Rxe1 33. Kxe1 Be6 34. Bf6 Kf8 35. Kd2 Ke8 36. Kd3 Kd7 37. Kd4 Kc6 38. Ke5 1/2-1/2

[Event "Solta op 4th"]
[Site "Grohote"]
[Date "2021.08.09"]
[Round "2"]
[White "Vernacki, Srdjan"]
[Black "Nareks, Matic"]
[Result "1/2-1/2"]
[WhiteElo "2297"]
[BlackElo "2111"]
[PlyCount "101"]
[EventDate "2021.08.08"]
[EventType "swiss"]
[EventRounds "9"]
[EventCountry "CRO"]
[SourceTitle "CBM 203 Extra"]
[Source "ChessBase"]
[SourceDate "2021.09.30"]
[SourceVersion "1"]
[SourceVersionDate "2021.09.30"]
[SourceQuality "1"]

1. d3 g6 2. Nf3 Bg7 3. c4 d6 4. Nc3 e5 5. g3 f5 6. Bg2 Nf6 7. Bg5 h6 8. Bxf6 Qxf6 9. 0-0 0-0 10. Rb1 c6 11. Nd2 Be6 12. Qc2 Nd7 13. Rfc1 h5 14. b4 e4 15. dxe4 f4 16. Nf3 Ne5 17. c5 h4 18. gxh4 Nxf3+ 19. exf3 Qxh4 20. Rd1 Be5 21. Ne2 Bh3 22. Kf1 g5 23. Ng1 Bxg2+ 24. Kxg2 g4 25. Qb3+ Kg7 26. Qe6 Rf6 27. Qe7+ Kh6 28. cxd6 gxf3+ 29. Nxf3 Qg4+ 30. Kf1 Qxf3 31. Qxe5 Rg6 32. d7 Qg2+ 33. Ke2 Qg4+ 34. Kd2 Qxd7+ 35. Kc2 Qf7 36. Rb3 f3 37. Rdd3 Re8 38. Qd4 Rf6 39. Kb2 Rf4 40. Re3 Qg7 41. Qxg7+ Kxg7 42. Rxf3 Rexe4 43. Rxf4 Rxf4 44. Ka3 Rxf2 45. Rd3 Rf7 46. Kb3 Kf8 47. h4 Rh7 48. Rd4 Ke7 49. a4 Ke6 50. Kc4 Rh5 51. a5 1/2-1/2